00338nam a22001457a 450000500170000000800410001702000180005804100080007608200100008410000150009424500210010926000300013030000080016065000240016820160630141729.0160630b xxu||||| |||| 00| 0 eng d a81-85749-10-8 aeng b14175 aRajput R K aMaterial Science bS.K. Kataria & Sonsc2011 a312 aDiploma Engineering